| 000 | 00569nam a2200229Ia 4500 | ||
|---|---|---|---|
| 008 | 180920s9999 xx 000 0 und d | ||
| 020 | _a978-1-78657-653-8 | ||
| 050 | _aREF G 153.4 | ||
| 050 | _b.W67 2017 | ||
| 245 | 4 | _aThe World : | |
| 245 | 2 | _ba traveller's guide to the planet / | |
| 250 | _a2nd Edition | ||
| 260 | _aMalaysia : | ||
| 260 | _bLonely Planet, | ||
| 260 | _c2017 | ||
| 300 | _a991 pages: | ||
| 300 | _bcolored illustrations ; | ||
| 300 | _c20 cm. | ||
| 500 | _aIncludes index. | ||
| 650 | _aTravel -- Guidebooks. | ||
| 650 | _xTravel. | ||
| 999 |
_c358809 _d358809 |
||